Evaluating Evaluators An Evaluation of Education in Germany /

How do evaluators of higher education go about their work? How are groups of evaluators put together? How do they reach consensus on the criteria of quality in the discipline or degree programme under examination? What problems do evaluators encounter and how do they resolve them? Susan Harris-Huemm...

Πλήρης περιγραφή

Λεπτομέρειες βιβλιογραφικής εγγραφής
Κύριος συγγραφέας: Harris-Huemmert, Susan (Συγγραφέας)
Συγγραφή απο Οργανισμό/Αρχή: SpringerLink (Online service)
Μορφή: Ηλεκτρονική πηγή Ηλ. βιβλίο
Γλώσσα:English
Έκδοση: Wiesbaden : VS Verlag für Sozialwissenschaften, 2011.
Θέματα:
Διαθέσιμο Online:Full Text via HEAL-Link
LEADER 02201nam a22003855i 4500
001 978-3-531-92771-8
003 DE-He213
005 20151204182518.0
007 cr nn 008mamaa
008 110108s2011 gw | s |||| 0|eng d
020 |a 9783531927718  |9 978-3-531-92771-8 
024 7 |a 10.1007/978-3-531-92771-8  |2 doi 
040 |d GrThAP 
050 4 |a L1-991 
072 7 |a JN  |2 bicssc 
072 7 |a EDU000000  |2 bisacsh 
082 0 4 |a 370  |2 23 
100 1 |a Harris-Huemmert, Susan.  |e author. 
245 1 0 |a Evaluating Evaluators  |h [electronic resource] :  |b An Evaluation of Education in Germany /  |c by Susan Harris-Huemmert. 
264 1 |a Wiesbaden :  |b VS Verlag für Sozialwissenschaften,  |c 2011. 
300 |a 300 p. 4 illus.  |b online resource. 
336 |a text  |b txt  |2 rdacontent 
337 |a computer  |b c  |2 rdamedia 
338 |a online resource  |b cr  |2 rdacarrier 
347 |a text file  |b PDF  |2 rda 
520 |a How do evaluators of higher education go about their work? How are groups of evaluators put together? How do they reach consensus on the criteria of quality in the discipline or degree programme under examination? What problems do evaluators encounter and how do they resolve them? Susan Harris-Huemmert investigates these questions in this detailed case study of an evaluation commission that inspected education departments in the German state of Baden-Württemberg (universities and teacher-training colleges) during 2003/2004. This work takes up not only topics germane to evaluators of higher education, but also illustrates the politics and contextual issues surrounding the discipline of education in Germany during the first decade of the 21st century. The book will be of interest to education researchers, students of evaluation, peer reviewers and those working in higher education quality assurance. 
650 0 |a Education. 
650 1 4 |a Education. 
650 2 4 |a Education, general. 
710 2 |a SpringerLink (Online service) 
773 0 |t Springer eBooks 
776 0 8 |i Printed edition:  |z 9783531177830 
856 4 0 |u http://dx.doi.org/10.1007/978-3-531-92771-8  |z Full Text via HEAL-Link 
912 |a ZDB-2-SHU 
950 |a Humanities, Social Sciences and Law (Springer-11648)